Central Library, Doon University
WEBOPAC (ONLINE PUBLIC ACCESS CATALOGUE)

Literary Theory A Very Short Introduction (Record no. 60519)

MARC details
000 -LEADER
fixed length control field 00499nam a22001937a 4500
005 - DATE & TIME
control field 20260316154727.0
008 - FIXED-LENGTH DATA ELEMENTS--GENERAL INFORMATION
fixed length control field 260316b |||||||| |||| 00| 0 eng d
020 ## - ISBN
International Standard Book Number 9780199691340
Price 350.00
040 ## - CATALOGING SOURCE
Original cataloging agency Doon University
041 ## - Language
Language English
082 ## - DDC NUMBER
Classification number 801.95
Book Number CUL
100 ## - MAIN ENTRY--PERSONAL NAME
Personal name Culler, Jonathan
245 ## - TITLE STATEMENT
Title Literary Theory A Very Short Introduction
250 ## - EDITION STATEMENT
Edition statement 2nd
260 ## - PUBLICATION, DISTRIBUTION, ETC. (IMPRINT)
Place of publication, distribution, etc New York
Name of publisher, distributor, etc Oxford University Press
Date of publication, distribution, etc 2011
300 ## - PHYSICAL DESCRIPTION
Pages 165
650 ## - Subject
Subject Hindu Studies
942 ## - ADDED ENTRY ELEMENTS (KOHA)
Koha item type Books
100 ## - MAIN ENTRY--PERSONAL NAME
-- 17331
650 ## - Subject
-- 25783
952 ## - LOCATION AND ITEM INFORMATION (KOHA)
-- 2026-03-16
952 ## - LOCATION AND ITEM INFORMATION (KOHA)
-- 2026-03-16
952 ## - LOCATION AND ITEM INFORMATION (KOHA)
-- 2026-03-16
952 ## - LOCATION AND ITEM INFORMATION (KOHA)
-- 2026-03-16
Holdings
Withdrawn status Lost status Source of classification or shelving scheme Damaged status Not for loan Location (home branch) Sublocation or collection (holding branch) Date acquired Koha issues (times borrowed) Koha full call number Accession No. Koha date last seen Koha item type
          Doon University Doon University 16.03.2026   801.95 CUL 53408 16.03.2026 Books
          Doon University Doon University 16.03.2026   801.95 CUL 53409 16.03.2026 Books
          Doon University Doon University 16.03.2026   801.95 CUL 53410 16.03.2026 Books
        Not For Loan Doon University Doon University 16.03.2026   801.95 CUL 53407 16.03.2026 Reference
Contact : +91-135-2533126 (Library),+91-135-2533105 (Admin Office) , Email : doonlibrary@gmail.com

Powered by Koha